MDQL
is popping MORE tags! Check the
thread
!
Quizzes
Events
Quiz Creation
Community
Videos
Private Events
Remove Ads
Sign In
Join for FREE
Feedback
Dark Mode
Quiz Categories
Sports
Geography
Music
Movies
Television
Just For Fun
Miscellaneous
History
Literature
Language
Science
Gaming
Entertainment
Religion
Holiday
For Kids
Quiz Lab
Recent
Popular Today
Quiz Kudos Today
Editor Picks
Curator Picks
Quizzes by...
Day
Popularity
Type
Ratings
Length
Year
Community
Subscriptions
Recent Discussions
Orange Saloon
Badges
Playlists
Quests
Create
Leaderboards
Showdown
Live 5
Trivia Bingo
Activity
Puzzle Library
Sporcle Events
Private Events
Virtual Trivia
Globe League
Become a Host
Pub Owners
SporcleCon
Opinionation
Our Games
Videos
Blog
Mobile Apps
Partnerships
Remove Ads and Go Orange
Feedback
Miscellaneous
Crossword
General Knowledge
Baby Names
Logo
Food
Cars
Numbers
Grab Bag
University
College
Popular
Company
Slogans
Restaurants
Justice
Letter
Miscellaneous
Crossword
General Knowledge
Baby Names
Logo
Food
Cars
Numbers
Grab Bag
University
College
Popular
Company
Slogans
Restaurants
Justice
Letter
Random Quiz
Search Sporcle
×
Quiz Lab
Quiz Lab
Miscellaneous
Type in answers that appear in a list
Type in answers that appear in a list
Classic
Best Score? Go Orange.
Quebec Girl Baby Names (2009) Stats
Can you name the Quebec Girl Baby Names (2009)?
By
WonderJordan
15m
100 Questions
258 Plays
258 Plays
258 Plays
Comments
Comments
Give Quiz Kudos
Give Quiz Kudos
-
- Ratings
hide this ad
Replay
Link that replays current quiz
Next Quiz
Link to next quiz in quiz playlist
You Got
0%
They Got
Avg Score
34%
Avg Friend Score
Upgrade to see
Score Distribution
Jump to the score distribution portion of the page
Score
0/100
Timer
15:00
0
Plays Today
Rank
Name
% Correct
3
Emma
77.1%
63
Sophie
76%
16
Sarah
72.9%
68
Sara
72.5%
36
Élizabeth
69.4%
77
Catherine
69.4%
65
Alexandra
68.6%
70
Julia
68.6%
24
Émilie
67.8%
12
Olivia
67.1%
59
Amélie
67.1%
1
Léa
66.3%
8
Gabrielle
66.3%
30
Ève
65.9%
83
Emily
65.9%
73
Sophia
64.7%
14
Chloé
62.8%
53
Eva
62%
79
Laura
61.6%
37
Victoria
58.9%
13
Zoé
58.5%
18
Alice
57.4%
20
Charlotte
57.4%
33
Rose
57.4%
100
Lily
57%
64
Amélia
53.1%
60
Audrey
50.4%
10
Mia
50%
7
Camille
48.4%
48
Sofia
47.7%
82
Élisabeth
47.7%
90
Amy
46.9%
6
Juliette
43.8%
21
Alicia
43.8%
Rank
Name
% Correct
66
Jeanne
43.8%
47
Clara
42.2%
44
Megan
41.9%
50
Jasmine
41.9%
2
Florence
40.7%
28
Marianne
39.9%
92
Rebecca
39.5%
11
Noémie
38.8%
17
Laurence
38.4%
76
Alyssa
37.2%
42
Maya
34.9%
5
Jade
34.5%
38
Justine
33.7%
25
Annabelle
32.9%
23
Océane
32.2%
34
Laurie
31.8%
49
Béatrice
31.8%
87
Kayla
31.4%
4
Rosalie
31%
19
Alexia
31%
54
Maude
30.2%
52
Éloïse
29.1%
75
Julianne
26.4%
56
Mathilde
23.6%
35
Aurélie
23.3%
40
Raphaëlle
22.9%
26
Mégane
22.5%
43
Léanne
22.1%
31
Ariane
21.7%
32
Charlie
21.7%
15
Coralie
21.3%
93
Arianne
20.5%
27
Anaïs
20.2%
99
Daphné
19.8%
Rank
Name
% Correct
29
Élodie
19.4%
81
Yasmine
19.4%
61
Mya
19%
62
Frédérique
19%
74
Naomie
17.8%
94
Bianca
15.9%
95
Adèle
15.9%
45
Delphine
15.5%
55
Lily-Rose
15.5%
72
Anabelle
15.5%
67
Léonie
15.1%
46
Mélodie
14.7%
97
Maxim
12.8%
85
Laurianne
11.6%
89
Ophélie
11.2%
51
Éliane
10.9%
9
Maika
9.7%
39
Émy
9.7%
58
Marilou
9.7%
78
Magalie
9.7%
86
Livia
9.7%
22
Maélie
8.9%
57
Daphnée
8.5%
41
Maéva
8.1%
88
Maély
7.8%
96
Flavie
7.8%
80
Alyson
5.4%
84
Kelly-Ann
5.4%
98
Mélina
4.7%
69
Alycia
3.9%
71
Océanne
1.6%
91
Léa-Rose
0.8%
Quiz Playlist
Details
Report
Send in Message
Add To Playlist
Classic:
Type in answers that appear in a list
Quiz Source
Last Updated: Feb 16, 2017
Quiz Scoreboard
CHALLENGE
Sign Up to Join the Scoreboard
Show All
Scores
Hide
Comments
May contain spoilers
Recently Published
Street Fighter Characters
by Artimus82
Gaming
60s
9x9 Crossword: Cartoon Network
by jackfrog10
Miscellaneous
3m
College Basketball Coaching Resumes
by pancakes188
Sports
9m
More to Explore
Quiz From the Vault
Featured Blog Post
Where Did the Easter Bunny Come From?
hide this ad
You Might Also Like...
Tags
This quiz does not have any tags.
Today's Top Quizzes in Miscellaneous
Browse Miscellaneous
hide this ad
Top Contributed Quizzes in Miscellaneous
1
5-to-1: Fast Food
2
The JOE quick-fire general knowledge quiz: Day 174
3
The JOE quick-fire general knowledge quiz: Day 173
4
5-to-1: Cocktails
5
The JOE quick-fire general knowledge quiz: Day 172
6
9x9 Crossword: Disney Movie Titles
7
Sunday Crossword: Famous Bodies of Water
8
9x9 Crossword: Charlie and the Chocolate Factory
9
The JOE quick-fire general knowledge quiz: Day 171
10
One Thing in Common: United Kingdom II
Explore More
Trending Topics
Disney
NBA
Harry Potter
Crossword
Marvel
Kpop
Anime
Song
WWE
Pokémon
NFL
Soccer
Puzzle
Country
The Office
hide this ad
More By:
WonderJordan
Quiz
Plays
Rating
Category
Featured
Created
Darwin's Travel Log
43,930
4.75
History
Apr 30, 2012
Quebec Surnames
291
5.00
Miscellaneous
Jul 27, 2010
Quebec Boy Baby Names (2009)
289
4.50
Miscellaneous
Jul 27, 2010
Quebec Girl Baby Names (2009)
258
4.50
Miscellaneous
Jul 27, 2010
Historical Quebec First Names
101
Miscellaneous
Aug 17, 2010
Go to Creator's Profile
Score Distribution
Quiz Creator Spotlight
WonderJordan
Follow
Send a Message
Quizzes Created
-
Created Quiz Play Count
-
More By This Creator
Popular Quizzes Today
1
Find the US States - No Outlines Minefield
2
Find the Countries of Europe - No Outlines Minefield
3
The Countries of the World
4
Find the US States
5
Risky Map Clicking: Biggest States A-Z
6
US States
7
Popular People in 1961
8
Movies - When Are They Set?
More Miscellaneous Quizzes
Sunday Crossword: Across the Levant
Editor's Pick
Trending Quizzes
Risky Map Clicking: Least Populous States A-Z
Countries of the World: 200 Million BC
1-10 Letter G Words
Risky Map Clicking: Next State Alphabetically
Adjectives in 80s TV Shows
Recently Updated
Leaping Animals
pecheneg
Reality TV Shows (A-Z)
bhenderson79
Rickey Henderson's Hall of Fame Teammates
pecheneg
Champions League XIs: Arsenal
pecheneg
Quick Pick: Celebrities in WWE's Hall of Fame
aduchscher
A-Z Keypad Blitz II
pecheneg
Multiple Oscar Actors
pecheneg
Mystery Phrase Blitz: Oscar 'Best Actors'
pecheneg
F. Scott Fitzgerald Novels
LTH
Pick 3 Villains
ddd62291
Trending Topics
Anime
Disney
NBA
Marvel
Crossword
Kpop
Harry Potter
Pokémon
Song
Country
Soccer
NFL
The Office
WWE
Puzzle
Your Account Isn't Verified!
In order to create a playlist on Sporcle, you need to verify the email address you used during registration. Go to your
Sporcle Settings
to finish the process.
Report this User
Report this user for behavior that violates our
Community Guidelines
.
Details:
Send Report
Go to the Sporcle.com Mobile Site →
Comments